La Isla de Pascua y sus misterios
Saved in:
| Hovedforfatter: | |
|---|---|
| Format: | Bog |
| Sprog: | spansk |
| Udgivet: |
Santiago
Zig Zag
1990
|
| Serier: | Biblioteca de Cultura
|
| Fag: | |
| Tags: |
Tilføj Tag
Ingen Tags, Vær først til at tagge denne postø!
|
MARC
| LEADER | 00000nam a2200000 a 4500 | ||
|---|---|---|---|
| 001 | UCN6003 | ||
| 003 | CL-VaPUC | ||
| 008 | 010913e19900000CL |||||||||||||||||spa|d | ||
| 082 | 0 | 4 | |a 390 |b CHA |2 21 |
| 100 | 0 | |a Chauvet, Stephen |e author |9 461763 | |
| 245 | 1 | 3 | |a La Isla de Pascua y sus misterios |
| 300 | |a 171 p | ||
| 942 | |c BK | ||
| 945 | |d 20010913 00:00:00 |a vberengu | ||
| 260 | |a Santiago |b Zig Zag |c 1990 | ||
| 650 | 0 | |a Costumbres y tradiciones |9 268292 | |
| 650 | 0 | |a Ceremonias |9 337653 | |
| 650 | 0 | |a Moda |9 346995 | |
| 650 | 0 | |a Tatuajes |9 330793 | |
| 650 | 7 | |a ICTIOLOGIA |2 CL-VaPUC |9 261318 | |
| 650 | 0 | |a Zoología |9 261613 | |
| 650 | 0 | |a Religión |9 255164 | |
| 651 | 0 | |a Isla de Pascua |9 261357 | |
| 583 | |a last modification |c 20010913 00:00:00 |k Rodrigo Vera | ||
| 490 | 0 | |a Biblioteca de Cultura | |
| 999 | |c 297096 |d 297094 | ||
| 952 | |0 0 |1 0 |4 0 |6 390_000000000000000_CHA_1990 |7 0 |8 X |9 351531 |a FDOMLP |b FDOMLP |d 2019-11-21 |i 3752755 |o 390 CHA 1990 |p 3752755 |r 2019-11-21 |w 2019-11-21 |y BK_X |k BU2 | ||